000 00505nam a2200169Ia 4500
008 121122t1963 xxu||||| |||| 00| 0 sin d
041 _asin
080 _a8S-1
_bMAL
100 _aMallava .D.T Other
_eed.
245 _aවිමලරතාන කුමාරගමගේ නොපළ කවි
246 _aVimalarathna Kumaragamage Nopala Kavi
260 _bP.K.W.Siriwardana
_aMaradana
_c1963
300 _b71p., 18 cm
942 _cBK
999 _c76537
_d76537
003 LK-CoDNM
040 _aLK-CoDNM
_dLK-CoDNM
_eLK-CoDNM